Songs Based on a True Story - Statistics

General Stats
  • This quiz has been taken 97 times
  • The average score is 12 of 22
Answer Stats
Answer % Correct
American Pie
76%
Candle in the Wind
76%
Elton John
75%
Don McLean
71%
U2
70%
Sunday Bloody Sunday
69%
The Beatles
66%
Hey Jude
61%
Zombie
57%
Eric Clapton
55%
Tears in Heaven
54%
The Cranberries
54%
The Wreck of the Edmund Fitzgerald
51%
Gordon Lightfoot
49%
Smoke on the Water
46%
Deep Purple
45%
Jeremy
37%
Pearl Jam
37%
Bob Dylan
36%
Hurricane
33%
Ohio
27%
Crosby, Stills, Nash, & Young
26%
No matching quizzes found
Score Distribution
Percent of People with Each Score
Percentile by Number Answered
Your Score History
You have not taken this quiz